000 00350nam a22001337a 4500
005 20180308122121.0
008 170807b xxu||||| |||| 00| 0 eng d
040 _cPK-LaUMT
082 _aZIAC 297.05
_bJOU-
245 _aJournal of Islamic studies (Vol 24 No. 1,2,3)
260 _aLondon:
_bOxford university,
_c2013
300 _a134 p.
942 _cBK
999 _c96533
_d96533